How nations negotiate
Guardat en:
| Autor principal: | |
|---|---|
| Format: | Llibre |
| Idioma: | Undetermined |
| Publicat: |
New York
Praeger
1967
|
| Matèries: | |
| Etiquetes: |
Afegir etiqueta
Sense etiquetes, Sigues el primer a etiquetar aquest registre!
|
| Thư viện lưu trữ: | Trung tâm Học liệu Trường Đại học Cần Thơ |
|---|
| LEADER | 00504nam a2200181Ia 4500 | ||
|---|---|---|---|
| 001 | CTU_77537 | ||
| 008 | 210402s9999 xx 000 0 und d | ||
| 082 | |a 341.6 | ||
| 082 | |b I.26 | ||
| 100 | |a Ikles, Fred Charles | ||
| 245 | 0 | |a How nations negotiate | |
| 245 | 0 | |c Fred Charles Iklé | |
| 260 | |a New York | ||
| 260 | |b Praeger | ||
| 260 | |c 1967 | ||
| 650 | |a Diplomatic negotiations in international disputes | ||
| 904 | |i Nguyên,Hải | ||
| 980 | |a Trung tâm Học liệu Trường Đại học Cần Thơ | ||